| 000 | 00667nam a2200205Ii 4500 | ||
|---|---|---|---|
| 003 | JO-AjNU | ||
| 008 | 230605s9999||||xx |||||||||||||| ||und|| | ||
| 040 |
_aJO-AjNU _bara _erda _cJO-AjNU |
||
| 041 | _aara | ||
| 050 | 1 | 4 | _aHQ525 1992 |
| 100 | 3 |
_aسعد، راجي, _eauthor _920422 |
|
| 245 | 0 | 0 | _aالزواج في العالم عادات وتقاليد |
| 250 | _aط1 | ||
| 264 | 3 | 1 | _aد.م: دار الكاتب العربي، دار الشواف للنشر، 1992 |
| 300 | _a112ص | ||
| 336 |
_atext _btxt _2rdacontent |
||
| 337 |
_aunmediated _bn _2rdamedia |
||
| 338 |
_avolume _bnc _2rdacarrier |
||
| 650 | 4 |
_aالزواج - عادات وتقاليد _920423 |
|
| 999 |
_aA6919 _c10487 _d10487 |
||